Malý ovocný liehovar s reštauráciou

Enregistré dans:
Détails bibliographiques
Auteur principal: Bláha, Patrik (Auteur)
Autres auteurs: Pilař, Pavol (Directeur de thèse)
Format: Manuscrit Livre
Langue:slovaque
Publié: 2025
Sujets:
Accès en ligne:http://is.stuba.sk/zp/portal_zp.pl?podrobnosti=167341
CRZP
Tags: Ajouter un tag
Pas de tags, Soyez le premier à ajouter un tag!

MARC

LEADER 00000ntm a22000003a 4500
001 stuzp103818
003 SK-STU
005 20250721112105.9
007 ta
008 150427s2015----xo-----f-mn---000-0-slo-d
040 |a STU  |b slo 
041 0 |a slo 
100 1 |a Bláha, Patrik  |u 010310  |4 aut  |U SvF Stavebná fakulta  |T SvF Katedra architektúry  |X 114724  |U V181|V310  |Y 19  |7 114724 
242 0 1 |a The small fruit distillery with a restaurant  |y eng 
245 1 0 |a Malý ovocný liehovar s reštauráciou 
260 |c 2025 
650 4 |a liehovar  |2 slo 
650 4 |a rekonštrukcia  |2 slo 
650 4 |a reštaurácia  |2 slo 
650 4 |a reconstruction  |2 eng 
650 4 |a destillery  |2 eng 
650 4 |a restaurant  |2 eng 
700 1 |a Pilař, Pavol  |u 010310  |k Z1  |4 ths  |U SvF Stavebná fakulta  |T SvF Katedra architektúry  |X 59136  |U V181|V310  |Y 19  |7 A000059136 
856 4 |u http://is.stuba.sk/zp/portal_zp.pl?podrobnosti=167341 
856 4 |u https://opac.crzp.sk/?fn=detailBiblioForm&sid=C9A1C75A261DD259FC844C1E26A3  |z CRZP